Saksan kaupunkeja jalkapallojoukkueiden mukaan - Statistics

Yleistilastot
  • Tätä visaa on pelattu 64 kertaa
  • Keskiarvotulos 11 / 18
Vastaustilastot
Kuvavisa Hint Vastaus % Oikein
1 510 000 München
100%
3 662 000 Berliini
93%
773 000 Frankfurt
89%
595 000 Dortmund
88%
166 000 Leverkusen
84%
620 000 Leipzig
82%
584 000 Bremen
73%
633 000 Stuttgart
73%
126 000 Wolfsburg
66%
221 000 Mainz
59%
1 964 000 Hampuri
55%
303 000 Augsburg
52%
236 000 Freiburg
48%
366 000 Bochum
39%
248 000 Kiel
34%
269 000 Mönchengladbach
34%
50 000 Heidenheim
29%
37 000 Sinsheim
0%
Ehtoja vastaavia visoja ei löytynyt
Tulosjakauma
Jokaisen tuloksen saaneiden osuus
Persentiili vastausten määrän mukaan
Tuloshistoriasi
Et ole pelannut tätä visaa